L'importante è finire /
Gardado en:
| Autor Principal: | |
|---|---|
| Formato: | Libro |
| Idioma: | Lingua italiana |
| Publicado: |
Bologna :
Renbooks,
2015
|
| Tags: |
Sen Etiquetas, Sexa o primeiro en etiquetar este rexistro!
|
MARC
| LEADER | 00000nam a22000007i 4500 | ||
|---|---|---|---|
| 001 | IT\ICCU\UBO\4178416 | ||
| 003 | ItRI | ||
| 005 | 20260115232250.0 | ||
| 008 | 160413s2015 it |||||| ||||| |||||c | ||
| 040 | |b ita |c importazione bologna sebina | ||
| 041 | 7 | |a ita |2 ISO-639-2 | |
| 100 | 1 | |a Biondi, Flavia |0 IT\ICCU\UBOV\348836 | |
| 245 | 1 | 2 | |a L'importante è finire / |c Flavia Biondi. |
| 260 | |a Bologna : |b Renbooks, |c 2015 | ||
| 300 | |a 96 p. : |b in gran parte ill. ; |c 24 cm | ||
| 942 | |2 ddc |c BK |n 0 | ||
| 952 | |0 0 |1 0 |4 0 |6 F_741_594000000000000_BIO |7 0 |9 23252 |a BO |b BO |d 2026-01-15 |i 18105 |l 0 |o F 741.594 BIO |p BO18105 |r 2026-01-15 23:22:50 |w 2026-01-15 |x [Sebina 5] [1 v.] |y BK |z 1 v. | ||
| 999 | |c 19827 |d 19827 | ||